| 000 | 01525nam a2200433 c 4500 | ||
|---|---|---|---|
| 001 | 21268 | ||
| 003 | ES-MaCES | ||
| 005 | 20150929135505.0 | ||
| 008 | 080703s2008 sp d t o000 | spa d | ||
| 017 |
_aM 19863-2008 _bDL |
||
| 020 | _a9788449108501 (MAPA) | ||
| 020 | _a9788484763529 (MUNDIPRENSA) | ||
| 024 | 7 |
_a251-08-055-9 _2nipo |
|
| 035 | _aCES20080006859m | ||
| 040 |
_aES-MaCES _bspa _cES-MaCES |
||
| 245 | 0 | 0 |
_aDesarrollo rural sostenible _b: un nuevo desafío _cJesús G. Regidor (coordinador) |
| 260 |
_aMadrid _bMinisterio de Agricultura, Pesca y Alimentación _bMundi-Prensa _c[2008] |
||
| 300 |
_a216 p. _bgráf. col. _c24 cm |
||
| 500 | _aEn la cub.: Ley para el desarrollo sostenible del medio rural | ||
| 541 | _cGratuito | ||
| 650 | 4 |
_adesarrollo rural _928607 |
|
| 650 | 4 |
_adesarrollo sostenible _930785 |
|
| 650 | 4 |
_adesarrollo agrícola _927491 |
|
| 650 | 4 |
_asociología rural _928610 |
|
| 650 | 4 |
_apolítica agraria _927494 |
|
| 650 | 4 |
_apolítica comunitaria _930776 |
|
| 650 | 4 |
_aEspaña _926964 |
|
| 650 | 4 |
_alegislación _927153 |
|
| 650 | 4 |
_atexto _929624 |
|
| 653 | 1 | 0 | _aAgricultura-Ganadería |
| 650 | 4 |
_929020 _apaís de la UE |
|
| 650 | 4 |
_926752 _aUE |
|
| 700 | 1 |
_aRegidor, Jesús G. _ecol. _921846 |
|
| 710 | 2 |
_aEspaña _bMinisterio de Agricultura, Pesca y Alimentación _eed. _93225 |
|
| 710 | 1 |
_aEspaña _tLey para el desarrollo sostenible del medio rural _d2007 _93187 |
|
| 902 | _aLIB Libro | ||
| 942 |
_2CES _cBK _h5.0. |
||
| 999 |
_c21268 _d21268 |
||